[Event "Malyszko mem corr"]
[Site "Poland"]
[Date "1992.??.??"]
[Round "?"]
[White "Mitrus, Cezary"]
[Black "Hoszowski, Piotr"]
[Result "1-0"]
[WhiteElo "1800"]
[BlackElo "2000"]
[PlyCount "103"]
[EventDate "1992.??.??"]
[EventType "tourn (corr)"]
[EventRounds "6"]
[EventCountry "POL"]
[SourceTitle "Corr 2006"]
[Source "ChessBase"]
[SourceDate "2006.04.01"]
[SourceVersion "3"]
[SourceVersionDate "2006.04.01"]
[SourceQuality "1"]

1. b4 e5 2. Bb2 Bxb4 3. Bxe5 Nf6 4. c4 0-0 5. Nf3 Nc6 6. Bb2 d5 7. cxd5 Nxd5 8. a3 Ba5 9. e3 Re8 10. Be2 Bf5 11. Qb3 Qd7 12. h3 Rad8 13. 0-0 Nb6 14. d4 Bxh3 15. gxh3 Qxh3 16. Qxf7+ Kxf7 17. Ng5+ Kg8 18. Nxh3 Rd6 19. Nf4 Ne7 20. Nc3 Ng6 21. Nh5 c6 22. Rad1 Nh4 23. Kh1 Rh6 24. Rg1 Re7 25. Rg5 Bxc3 26. Bxc3 Nd5 27. Bd2 Kf8 28. Kg1 Rg6 29. Rxg6 Nxg6 30. Rb1 Ke8 31. f3 Nf8 32. e4 g6 33. Bc4 Nb6 34. Nf6+ Kd8 35. Bg5 h6 36. Bxh6 Nxc4 37. Bxf8 Rf7 38. Bh6 Kc8 39. Bg5 Nxa3 40. Rc1 Nb5 41. d5 Kb8 42. Bf4+ Ka8 43. Be5 a6 44. dxc6 bxc6 45. Rxc6 Kb7 46. Rc2 Re7 47. Bb2 Re6 48. Rg2 Rd6 49. f4 Rd1+ 50. Kh2 a5 51. Rxg6 a4 52. Nd5 1-0

[Event "Malyszko mem corr"]
[Site "Poland"]
[Date "1992.??.??"]
[Round "?"]
[White "Mitrus, Cezary"]
[Black "Kwiek, Janusz"]
[Result "1-0"]
[WhiteElo "1800"]
[BlackElo "2000"]
[PlyCount "85"]
[EventDate "1992.??.??"]
[EventType "tourn (corr)"]
[EventRounds "6"]
[EventCountry "POL"]
[SourceTitle "Corr 2006"]
[Source "ChessBase"]
[SourceDate "2006.04.01"]
[SourceVersion "3"]
[SourceVersionDate "2006.04.01"]
[SourceQuality "1"]

1. b4 e5 2. Bb2 Bxb4 3. Bxe5 Nf6 4. c4 0-0 5. Nf3 Nc6 6. Bb2 d5 7. cxd5 Nxd5 8. a3 Be7 9. e3 Bg4 10. Be2 Bf6 11. d4 Re8 12. 0-0 Qe7 13. Qb3 Nb6 14. Nbd2 Rad8 15. Bd3 g6 16. Rac1 a6 17. Rc5 Be6 18. Qc2 Ra8 19. Be4 Bd7 20. h3 Rec8 21. Re1 Qd6 22. Ne5 Bxe5 23. dxe5 Qe6 24. Nf3 Rd8 25. Bxc6 Bxc6 26. Nd4 Qd7 27. Nxc6 bxc6 28. Rxc6 Qd2 29. Rc1 Qxc2 30. R1xc2 Rd1+ 31. Kh2 Nd5 32. e4 Nf4 33. Rxc7 Ne6 34. Rc8+ Rxc8 35. Rxc8+ Rd8 36. Rxd8+ Nxd8 37. Kg3 Kf8 38. f4 Ne6 39. Kf3 Ke7 40. f5 Nc5 41. Bc3 Kd7 42. Kf4 h6 43. e6+ 1-0

[Event "Malyszko mem corr"]
[Site "Poland"]
[Date "1992.??.??"]
[Round "?"]
[White "Mitrus, Cezary"]
[Black "Wozniak, Andrzej"]
[Result "1-0"]
[WhiteElo "1800"]
[BlackElo "1800"]
[PlyCount "93"]
[EventDate "1992.??.??"]
[EventType "tourn (corr)"]
[EventRounds "6"]
[EventCountry "POL"]
[SourceTitle "Corr 2006"]
[Source "ChessBase"]
[SourceDate "2006.04.01"]
[SourceVersion "3"]
[SourceVersionDate "2006.04.01"]
[SourceQuality "1"]

1. b4 e5 2. Bb2 Bxb4 3. Bxe5 Nf6 4. c4 Nc6 5. Bb2 d6 6. Nf3 Bg4 7. e3 Ne5 8. Bxe5 Bxf3 9. gxf3 Bc5 10. Bb2 0-0 11. d4 Bb6 12. Rg1 g6 13. Qc2 c6 14. Nd2 Rc8 15. Bh3 Rc7 16. Qf5 Ne8 17. Ne4 d5 18. cxd5 cxd5 19. Nc3 Ba5 20. Rc1 Qd6 21. Rg2 Ng7 22. Qd3 Re8 23. Qb5 b6 24. Kd1 Bxc3 25. Rxc3 Rxc3 26. Bxc3 Qa3 27. Qb2 Qe7 28. Qb3 Qb7 29. Rg5 Rd8 30. Rg1 Qe7 31. Rg4 f5 32. Bb4 Qc7 33. Rg3 Kh8 34. f4 Rc8 35. Ba3 Nh5 36. Rg1 Nf6 37. f3 Nd7 38. Kd2 Qb7 39. Rc1 Rxc1 40. Kxc1 Qc6+ 41. Qc2 Qc4 42. Qxc4 dxc4 43. e4 fxe4 44. fxe4 Nf6 45. d5 Nxe4 46. d6 Nxd6 47. Bxd6 1-0